MARC details
| 000 -LEADER |
| fixed length control field |
00871nam a22002177a 4500 |
| 005 - DATE AND TIME OF LATEST TRANSACTION |
| control field |
20240514070238.0 |
| 008 - FIXED-LENGTH DATA ELEMENTS--GENERAL INFORMATION |
| fixed length control field |
230622b |||||||| |||| 00| 0 eng d |
| 020 ## - INTERNATIONAL STANDARD BOOK NUMBER |
| International Standard Book Number |
9789211129427 |
| 040 ## - CATALOGING SOURCE |
| Original cataloging agency |
CBULib |
| Transcribing agency |
CBULib |
| 041 ## - LANGUAGE CODE |
| Language code of text/sound track or separate title |
eng |
| 099 ## - LOCAL FREE-TEXT CALL NUMBER (OCLC) |
| Classification number |
UNCTAD(02)2019/9 |
| 110 ## - MAIN ENTRY--CORPORATE NAME |
| Corporate name or jurisdiction name as entry element |
United Nations Conference on Trade and Development (UNCTAD) |
| 245 ## - TITLE STATEMENT |
| Title |
Building digital competencies to benefit from frontier technologies |
| Statement of responsibility, etc. |
/ by United Nations Conference on Trade and Development (UNCTAD) |
| 260 ## - PUBLICATION, DISTRIBUTION, ETC. |
| Place of publication, distribution, etc. |
Geneva |
| Name of publisher, distributor, etc. |
United Nations |
| Date of publication, distribution, etc. |
2019 |
| 300 ## - PHYSICAL DESCRIPTION |
| Extent |
vii, 27 pages : illustrations |
| 610 ## - SUBJECT ADDED ENTRY--CORPORATE NAME |
| Corporate name or jurisdiction name as entry element |
UNITED NATIONS CONFERENCE ON TRADE AND DEVELOPMENT(UNCTAD) |
| 650 ## - SUBJECT ADDED ENTRY--TOPICAL TERM |
| Topical term or geographic name entry element |
APPROPRIATE TECHNOLOGY--DEVELOPING COUNTRIES |
| 650 ## - SUBJECT ADDED ENTRY--TOPICAL TERM |
| Topical term or geographic name entry element |
TECHNICAL ASSISTANCE--DEVELOPING COUNTRIES |
| 856 ## - ELECTRONIC LOCATION AND ACCESS |
| Uniform Resource Identifier |
https://unctad.org/system/files/official-document/dtlstict2019d3_en.pdf |
| 942 ## - ADDED ENTRY ELEMENTS (KOHA) |
| Koha item type |
INTERNATIONAL PUBLICATIONS |
| 999 ## - |
| -- |
79377 |
| -- |
79377 |